000 00725cab a22002055a 4500
001 L152343
008 110223e20110129xxk 000 0 eng d
035 _a(Sirsi) u152343
041 0 _aeng
100 1 _aKing, Vivien
245 0 0 _aDon't be fooled by empty gestures
260 _c2011
490 _aEstates Gazette
_v(1104) 29 January 2011, 92-94(3)
520 _aVacant possesion discussion. Attempts to define vacant possession while pointing out the importance of the differing contexts of each situation in this area. Includes relevant caselaw.
590 _aKA
651 4 _aEngland and Wales
_y1543-
690 _aPROPERTY-LEASEHOLD PROPERTY-LANDLORD AND TENANT
700 1 _aCheffings, Nicholas
942 _n0
999 _c82943
_d82943